000 00524nam a2200145 a 4500
008 080109s1972 ||||||||||||||||| || u
050 _aQ 161.2 Blu
100 _aBlumberg, Avrom A
245 1 0 _aForm and function
246 _anatural science in a technological society
260 _aNew York
_bMcGraw-Hill
_c1972
300 _axxi, 705p. : ill.
350 _a0.00
995 _D0.00
_FCBU-MAIN LIBRARY (Kitwe)
_H1
_I13.50
_M1
_UAVAILABLE
_ZAnnex Low-Usage Collection
999 _c43811
_d43811